Online
Catalog

Arte abstracto y literatura del absurdo / (Record no. 41990)

MARC details
000 -CABECERA
campo de control de longitud fija 00862nam a2200229 a 4500
001 - NÚMERO DE CONTROL
campo de control 000042501
005 - FECHA Y HORA DE LA ÚLTIMA TRANSACCIÓN
campo de control 20201002040208.0
008 - DATOS DE LONGITUD FIJA--INFORMACIÓN GENERAL
campo de control de longitud fija 131205s1972 sp 000 0 spa d
040 ## - FUENTE DE LA CATALOGACIÓN
Centro catalogador/agencia de origen DO-SdBNP
Lengua de catalogación spa
Centro/agencia transcriptor BNPHU
041 17 - CÓDIGO DE LENGUA
Código de lengua del texto/banda sonora o título independiente spa
Código de lengua original eng
082 ## - NÚMERO DE LA CLASIFICACIÓN DECIMAL DEWEY
Número de clasificación xxx
Número de documento/Ítem xxx
100 1# - ENTRADA PRINCIPAL--NOMBRE DE PERSONA
Nombre de persona Kofler, Leo
Fechas asociadas al nombre 1907-
9 (RLIN) 69699
240 10 - TÍTULO UNIFORME
Título uniforme Abstrakte kunst und absurde literatur
Lenguaje de la obra Español
245 10 - MENCIÓN DE TÍTULO
Título Arte abstracto y literatura del absurdo /
Mención de responsabilidad, etc. Leo Kofler ; traducción de Eduardo Subirats.
260 ## - PUBLICACIÓN, DISTRIBUCIÓN, ETC.
Lugar de publicación, distribución, etc. Barcelona :
Nombre del editor, distribuidor, etc. Barral Editores,
Fecha de publicación, distribución, etc. 1972.
300 ## - DESCRIPCIÓN FÍSICA
Extensión 240 p. ;
Dimensiones 20 cm.
490 1# - MENCIÓN DE SERIE
Mención de serie Breve biblioteca de respuesta
Designación de volumen o secuencia 42
500 ## - NOTA GENERAL
Nota general Incluye referencias bibliográficas y notas al pie de las páginas
500 ## - NOTA GENERAL
Nota general Incluye datos biográficos del autor en la solapa de la cubierta
700 12 - PUNTO DE ACCESO ADICIONAL--NOMBRE DE PERSONA
Nombre de persona Subirats, Eduardo
Término indicativo de función/relación tr.
9 (RLIN) 50736
830 #0 - PUNTO DE ACCESO ADICIONAL DE SERIE-TÍTULO UNIFORME
Título uniforme Breve biblioteca de respuesta ;
Número de parte o sección de la obra 42
9 (RLIN) 69700
Holdings
Estado de retiro Estado de pérdida Restricciones de uso No para préstamo Código de colección Localización permanente Ubicación/localización actual Ubicación en estantería Fecha de adquisición Número de inventario Total de préstamos Signatura topográfica completa Código de barras Fecha visto por última vez Precio válido a partir de Tipo de ítem Koha
      Excluido de préstamo Monografías: Libros y Folletos General General Depósito 18.06.2014 LF1   xxx xxx 42501-10 25.06.2020 25.06.2020 No se presta

Powered by Koha